[Event "Sachsen-Anhalt Landesliga-B 1920"]
[Site "Sachsen Anhalt"]
[Date "2019.09.29"]
[Round "1.6"]
[White "Maechler, Frank"]
[Black "Rudolph, Dieter"]
[Result "1/2-1/2"]
[WhiteElo "1687"]
[BlackElo "1648"]
[PlyCount "41"]
[EventDate "2019.09.29"]
[EventType "team-tourn"]
[EventRounds "9"]
[EventCountry "GER"]
[SourceTitle "EXT 2023"]
[Source "ChessBase"]
[SourceDate "2022.10.05"]
[SourceVersion "1"]
[SourceVersionDate "2022.10.05"]
[SourceQuality "1"]
[WhiteTeam "Naumburg II"]
[BlackTeam "Merseburg II"]
[WhiteTeamCountry "GER"]
[BlackTeamCountry "GER"]

1. d4 Nf6 2. Nf3 e6 3. Bg5 d5 4. c3 c5 5. e3 a6 6. Bd3 Be7 7. 0-0 Nbd7 8. Nbd2 b6 9. Bxf6 Bxf6 10. Re1 0-0 11. a3 e5 12. dxe5 Nxe5 13. Nxe5 Bxe5 14. Nf3 Bg4 15. Be2 Bf6 16. Nd2 Bxe2 17. Qxe2 d4 18. exd4 cxd4 19. cxd4 Bxd4 20. Nf3 Bf6 21. Rad1 1/2-1/2